| 000 | 00754nam a2200217Ia 4500 | ||
|---|---|---|---|
| 008 | 140321s9999 xx 000 0 und d | ||
| 020 | _a9781133584728 | ||
| 050 |
_aHC 79.E5 _b.C355 2013 |
||
| 100 | _aCallan, Scott J. | ||
| 245 |
_aEnvironmental economics & management : _btheory, policy, and applications / _cScott J. Callan and Janet M. Thomas. |
||
| 250 | _a6th ed. | ||
| 260 |
_aOhio : _bSouth-Western Cengage Learning, _cc2013. |
||
| 300 |
_a588 p. : _bill. ; _c26 cm. |
||
| 500 | _aIncludes bibliographical references and index. | ||
| 521 | _aGE | ||
| 650 |
_aEnvironmental economics _xCase studies. |
||
| 650 | _aEnvironmental economics. | ||
| 650 |
_aIndustrial management _xEnvironmental aspects. |
||
| 942 |
_kFOR _cBK |
||
| 999 |
_c48646 _d48646 |
||